000
00187 a2200097 4500
020
_a
9780590459976
041
_a
eng
100
_a
Oz Charles
245
_a
How is a Crayon made
942
_c
K
999
_c
30327
_d
30325